| 000 | 02683cam a2200313 i 4500 | ||
|---|---|---|---|
| 003 | SA-RiAUC | ||
| 005 | 20250713061108.0 | ||
| 008 | 250713s2000 le g 000 0 ara c | ||
| 020 | _a2745130153 | ||
| 040 |
_aSA-RiAUC _bara _cSA-RiAUC _erda |
||
| 082 | 0 | 4 | _a811.008 |
| 090 |
_a811.008 _bث ع ا |
||
| 100 | 1 |
_aالثعالبي، عبد الملك بن محمد بن إسماعيل، _d350-429 هجري _eمؤلف. |
|
| 245 | 1 | 0 |
_aأحسن ما سمعت / _cتأليف أبي منصور عبد الملك بن محمد بن إسماعيل الثعالبي ؛ وضع حواشيه خليل عمران المنصور. |
| 250 | _aالطبعة الأولى. | ||
| 264 | 1 |
_aبيروت : _bدار الكتب العلمية، _c2000 |
|
| 300 |
_a108 صفحة ؛ _c24 سم. |
||
| 336 |
_aنص _btxt _2rdacontent _3كتاب |
||
| 337 |
_aبدون وسيط _bn _2rdamedia |
||
| 338 |
_aمجلد _bnc _2rdacarrier |
||
| 490 | 0 | _aمنشورات محمد علي بيضون | |
| 500 | _aيحتوي على اثنين وعشرين بابا من الشعر والنثر في الإلهيات والنبويات والملوكيات والإخوانيات والأدبيات وغيرها مما هو موضح في فهرس المحتويات. | ||
| 650 | 7 |
_aالشعر العربي _xتاريخ ونقد _yالعصر العباسي الثاني _2aucsh |
|
| 700 | 1 |
_aالمنصور، خليل عمران _eمعلق. |
|
| 856 |
_uhttp://www.alwaraq.net/Core/AlwaraqSrv/bookpage?book=3191&option=1&fkey=2&page=1 _yDigital Copy _2 نرجو الانتباه لإمكانية وجود اختلاف في الطبعة أو الناشر بين البيانات على البوابة وما ستجده على الكتاب نظرا لمحدودية المعلومات المتاحة على الموقع الناشر للمادة. _3Please note that there may be a difference in the edition or publisher between the data on the portal and the book due to the limited information available on the publisher website for the material. |
||
| 856 |
_uhttp://www.alwaraq.net/Core/waraq/coverpage?bookid=3191&option=1 _yExternal Link _2 نرجو الانتباه لإمكانية وجود اختلاف في الطبعة أو الناشر بين البيانات على البوابة وما ستجده على الكتاب نظرا لمحدودية المعلومات المتاحة على الموقع الناشر للمادة. _3Please note that there may be a difference in the edition or publisher between the data on the portal and the book due to the limited information available on the publisher website for the material. |
||
| 942 |
_2ddc _cBOOK _n0 |
||
| 949 |
_aSA-JeALM _d250713 _umohamedma123 _n1 |
||
| 999 |
_c9832 _d9832 |
||